| 000 | 01135cam a2200229 4500 | ||
|---|---|---|---|
| 001 | WB3638-24 | ||
| 008 | 000000n2000 000 0 eng u | ||
| 035 | _a(Sirsi) u108479 | ||
| 245 | _aSeller's pack welcomed for low demand areas | ||
| 260 | _c2000 | ||
| 490 |
_aDETR News Release _v(605) 22 September 2000, (5) |
||
| 520 | _aResearch conducted in Burnley and Bradford suggests that the introduction of the seller's information pack will have a positive effect in areas of low demand and low value property. Summary of government proposals to reform the house buying and selling process. Interim findings from the Bristol seller' s information pack pilot will be available on the DETR website: http://www.detr.gov.uk. | ||
| 590 | _aWB | ||
| 650 | _aLOW VALUE PROPERTY | ||
| 650 | _aLOW DEMAND | ||
| 650 | _aPILOT SCHEME | ||
| 650 | _aPROPERTY-RESIDENTIAL PROPERTY-ACQUISITION AND DISPOSAL OF RESIDENTIAL PROPERTY | ||
| 650 | _aPROPERTY-RESIDENTIAL PROPERTY-ACQUISITION AND DISPOSAL OF RESIDENTIAL PROPERTY | ||
| 650 | _aSELLERS INFORMATION PACKS | ||
| 690 | _aPROPERTY AND LAND LAW-AGENCY-RESIDENTIAL | ||
| 942 | _n0 | ||
| 999 |
_c64768 _d64768 |
||